000 00702nam a2200193 a 4500
005 20140412111302.0
008 001117s19uu xx 00 eng d
020 _a0-394-87460-9
050 _aER
_bDo757 1986
100 _aKing, P. E.
245 _aDown on the funny farm. /
_cby P. E. King ; illustrated by Alastair Graham.
260 _aNew York :
_bRandom House,
_c1986.
300 _a48 p. ; ill.
440 _aStep into Reading
520 _aA farmer thinks he is getting a bargain when he buys a farm for one dollar, until he finds that all the animals are mixed up about what they are supposed to do.
650 _aFarm
_xFiction
650 _aDomestic animals
_xFiction
999 _c103462
_d103462